000 00260nam a22001097a 4500
082 _a621.3 GRA'A
100 _aGRAHAM, FRANK D
_942150
245 _aAUDELS NEW ELECTRIC LIBRARY
260 _aBOMBAY
_bD. B. TARAPOREVALE
_c1963
300 _aVOL-1&2
942 _cBK
999 _c585587
_d585587